000 00585nam a2200205Ia 4500
005 20250923145845.0
008 008 250917s9999 xx 000 0 eng d
037 _aTextual
040 _aDSWL
_beng
_cDSWL
041 _aeng
_2eng
084 _aY15:4400Z, N91
_qDSWL
100 _aD'Cunha, Jean
_9839633
245 4 _aThe legalization of prostitution
_c by Jean D'Cunha
260 _aBanglore
_b Wordmahers from C.I.S.R.S.
_c1991
300 _a215p.
365 _aINR
_b60.00
925 _g60.00
942 _cTEXL
_hY15:4400Z, N91
999 _c1456554
_d1456554